00331nam a22001217a 450000500170000002000220001703500120003903700130005124500550006426000480011930000240016770000180019120120507121315.0 a8176293431c00.00 aB-31651 aDPLbENG aEconomics of child labour /cedited by K.P. Kannan aNew DelhibDeep and Deep Publicationsc2001 axix, 267p.c20 cms. aKannan, K.P.